000 01029cam a2200373 4500
001 E10704
008 000000n2002 000 0 eng u
035 _a(Sirsi) u118285
050 _a333.33
110 _aValuation Office
_9264
245 _aProperty market report - Spring 2002
260 _aLondon
_bEstates Gazette
_c2002
300 _a89p. ; 30cm.
350 _a45.00
650 _aPROPERTY-RURAL AND NATURAL ASSETS-AGRICULTURAL PROPERTY-AGRICULTURAL LAND
650 _aFACTORIES
650 _aFARM LAND
650 _aHOUSE PRICES
650 _aINDUSTRIAL DEVELOPMENT LAND
650 _aLAND PRICES
650 _aLAND VALUES
650 _aOFFICES
650 _aPROPERTY INVESTMENT
650 _aRENTAL VALUES
650 _aRESIDENTIAL BUILDING LAND
650 _aRESIDENTIAL PROPERTY
_96266
650 _aSHOPS
650 _aWAREHOUSES
650 _aYIELDS
650 _aSHOPPING CENTRE YIELDS
650 _aINDUSTRIAL PROPERTY
690 _aPROPERTY-COMMERCIAL PROPERTY
942 _n0
999 _c102121
_d102121